000 00566nam a2200205Ia 4500
005 20250508164502.0
008 008 250505s9999 xx 000 0 hin d
037 _aTextual
040 _aFEDL
_beng
_cFEDL
041 _ahin
_2eng
084 _a305.5122, CHI
_qFEDL
100 _aChiraniya B L
_9778271
245 0 _aJativiheen samaj
260 _aJaipur, India
_bRajasthan Pupils Publishing House Pvt. Ltd.
_c1995
300 _a158p.
365 _aINR
_b50
546 _aMACESE
942 _cTEXL
_h305.5122, CHI
999 _c1389371
_d1389371